Hanggal, fénnyel játszik Születőben az új szökőkút /
Elmentve itt :
| Szerzők: | |
|---|---|
| Dokumentumtípus: | Cikk |
| Megjelent: |
1979-05-17
|
| Sorozat: | Délmagyarország
69 No. 113 |
| Kulcsszavak: | városesztétika |
| Online Access: | http://dmarchiv.bibl.u-szeged.hu/102272 |
| LEADER | 00524nab a2200169 i 4500 | ||
|---|---|---|---|
| 001 | delm102272 | ||
| 005 | 20190524092201.0 | ||
| 008 | 190524s1979 hu o 0|| hun d | ||
| 040 | |a SZTE Délmagyarország Archívum |b hun | ||
| 041 | |a hun | ||
| 100 | 1 | |a Ladányi Zsuzsa | |
| 245 | 1 | 0 | |a Hanggal, fénnyel játszik |h [elektronikus dokumentum] : |b Születőben az új szökőkút / |c Ladányi Zsuzsa |
| 260 | |c 1979-05-17 | ||
| 300 | |a 3 | ||
| 490 | 0 | |a Délmagyarország |v 69 No. 113 | |
| 695 | |a városesztétika | ||
| 700 | 0 | 2 | |a Ács S. Sándor |e aut |